Agregación lineal de relaciones económicas (Registro nro. 7042)
[ vista simple ]
| 000 -ENCABEZADO | |
|---|---|
| Número de control [NR] | 01181nam a2200277Ia 4500 |
| 005 - FECHA Y HORA DE LA ÚLTIMA TRANSACCIÓN | |
| control field | 20240528103948.0 |
| 008 - DE LONGITUD FIJA DE DATOS DE ELEMENTOS - INFORMACIÓN GENERAL | |
| Elementos de longitud fija [NR] | 130821s1959 sp a gr spa |
| 040 ## - FUENTE DE CATALOGACION [NR] | |
| Agencia de catalogación original [NR] | Co-BoUCM |
| Idioma de catalogación [NR] | spa |
| Quien Cataloga | David Moreno (modificó) |
| Quien Clasifica | David Moreno (modificó) |
| 041 ## - CODIGO DE IDIOMA [R] | |
| Código de idioma para texto/pista de sonido o título separado [R] | Español |
| 100 1# - ASIENTO PRINCIPAL--NOMBRE PERSONAL [NR] | |
| Nombre personal [NR] | Theil, H. |
| ID Autoridad | 155469 |
| 245 10 - MENCION DE TITULO [NR] | |
| Título [NR] | Agregación lineal de relaciones económicas |
| Mención de responsabilidad, etc. [NR] | H. Theil ; traducción del inglés por Héctor Correa |
| 260 ## - PUBLICACION, DISTRIBUCION, ETC. (PIE DE IMPRENTA) [R] | |
| Lugar de publicación, distribución, etc. [R] | Madrid (España) |
| Nombre del editor, distribuidor, etc. [R] | Aguilar |
| Fecha de publicación, distribución, etc. [R] | 1959 |
| 300 ## - DESCRIPCION FISICA [R] | |
| Extensión [R] | xii, 223 Páginas |
| Otros detalles físicos [NR] | ilustraciones |
| 490 #0 - MENCION DE SERIE [R] | |
| Mención de serie [R] | Biblioteca de Ciencias Sociales. |
| -- | Sección Primera: Economía |
| 500 ## - NOTA GENERAL [R] | |
| Nota general [NR] | Ejemplares 2 y 3 disponibles en 24 horas a partir de la solicitud. |
| 500 ## - NOTA GENERAL [R] | |
| Nota general [NR] | El ejemplar No. 5 es Donación Dr. Álvaro Daza Roa. |
| 500 ## - NOTA GENERAL [R] | |
| Nota general [NR] | Incluye índice. |
| 650 04 - ASIENTO SECUNDARIO DE MATERIA - TERMINO TEMATICO [R] | |
| Término temático o nombre geográfico como elemento de entrada [NR] | Economía |
| 9 (RLIN) | 174 |
| Subdivisión general [R] | Economía matemática |
| 650 04 - ASIENTO SECUNDARIO DE MATERIA - TERMINO TEMATICO [R] | |
| Término temático o nombre geográfico como elemento de entrada [NR] | Estadística |
| Subdivisión de forma [R] | Modelos matemáticos |
| 9 (RLIN) | 14984 |
| 650 04 - ASIENTO SECUNDARIO DE MATERIA - TERMINO TEMATICO [R] | |
| Término temático o nombre geográfico como elemento de entrada [NR] | Macroeconomía |
| Subdivisión de forma [R] | Modelos matemáticos |
| 9 (RLIN) | 18838 |
| 650 04 - ASIENTO SECUNDARIO DE MATERIA - TERMINO TEMATICO [R] | |
| Término temático o nombre geográfico como elemento de entrada [NR] | Microeconomía |
| Subdivisión de forma [R] | Modelos matemáticos |
| 9 (RLIN) | 19488 |
| 700 1# - ASIENTO SECUNDARIO - NOMBRE PERSONAL [R] | |
| Nombre personal [NR] | Correa, Héctor |
| 9 (RLIN) | 155470 |
| 765 0# - ASIENTO DE IDIOMA ORIGINAL [R] | |
| Título [NR] | Linear aggregation of economic relations |
| 942 ## - ELEMENTOS DE ENTRADA AGREGADOS (KOHA) | |
| Tipo de ítem principal el descrito en 300a | Libro |
| Tema principal | Economía |
| Edición | 1 |
| Parte restante de la signatura top. | T376a |
| Sistema de clasificación | DEWEY |
| Clasificación | 330.1543 |
| Título oculto en OPAC | No |
| Fecha de último préstamo | Signatura topográfica | Código de barras | Última vez visto | Ejemplar | Price effective from | Tipo de ítem | Nota pública (OPAC) | Perdido | Sistema de clasificación | Dañado | No prestable | Tipo de ítem específico | Suprimido | Ubicación habitual | Ubicación actual | Localización | Fecha de creación | Forma de adquisición |
|---|---|---|---|---|---|---|---|---|---|---|---|---|---|---|---|---|---|---|
| 29/07/2011 | 330.1543 T376a | 100115343 | 04/12/2025 | Ej.1 | 03/02/2013 | Libro | Galería de donantes - Álvaro Daza Roa | DEWEY | Fondos especiales | Claustro | Claustro | 3er piso | 28/02/2011 | Donación |